<?xml version="1.0" encoding="UTF-8"?>
<marc:record xmlns:marc="http://www.loc.gov/MARC21/slim">
   <marc:leader>00000nam a2200000 a 4500</marc:leader>
   <marc:datafield ind1="1" ind2=" " tag="100">
      <marc:subfield code="a">Kinney, Jeff</marc:subfield>
      <marc:subfield code="4">aut</marc:subfield>
      <marc:subfield code="e">Verfasser/-in</marc:subfield>
   </marc:datafield>
   <marc:datafield ind1=" " ind2=" " tag="653">
      <marc:subfield code="a">Schulprobleme</marc:subfield>
   </marc:datafield>
   <marc:datafield ind1=" " ind2=" " tag="653">
      <marc:subfield code="a">Erziehung</marc:subfield>
   </marc:datafield>
   <marc:datafield ind1=" " ind2=" " tag="653">
      <marc:subfield code="a">Feriencamp</marc:subfield>
   </marc:datafield>
   <marc:datafield ind1="0" ind2="0" tag="245">
      <marc:subfield code="a">Gregs Tagebuch 3</marc:subfield>
   </marc:datafield>
   <marc:datafield ind1="0" ind2="0" tag="245">
      <marc:subfield code="b">jetzt reicht´s!; [ein Comic-Roman]</marc:subfield>
   </marc:datafield>
   <marc:datafield ind1="0" ind2="0" tag="245">
      <marc:subfield code="c">Jeff Kinney. Aus dem Engl. von Collin McMahon</marc:subfield>
   </marc:datafield>
   <marc:datafield ind1=" " ind2="1" tag="264">
      <marc:subfield code="a">Frankfurt/Main</marc:subfield>
      <marc:subfield code="b">Baumhaus Verl.</marc:subfield>
      <marc:subfield code="c">2009</marc:subfield>
   </marc:datafield>
   <marc:datafield ind1="1" ind2=" " tag="520">
      <marc:subfield code="a">Quelle: Bücherschau (Büchereiservice des ÖGB) (http://www.buecherei.at/); #Autor: Adam Simon Pichler, 8 ½ Jahre alt; #Greg nimmt sich für das neue Jahr vor zu helfen, doch das ist nicht so leicht  Er braucht einen enormen Zuckervorrat, sodann: SCHNARCH, schließlich erwacht er nach Schulschluss. Und Wallendienstag, eine von Gregs Lehrerinnen, schreibt beispielsweise: Du stinkst. Auf einem Campingausflug ist dann fix, dass Dad Greg auf eine Militärschule schicken will. In der Kirche hat Greg dafür gesorgt, dass er ganz nahe bei der Familie Hills sitzt. Später: "Halla, Holly, Greg, hier der mit dem ganz besonderen Friede sei mit dir". Ruperts Eltern sind außerdem Mitglieder in so einem Club, in dem Rupert jeden Tag zwei Freunde mitbringen darf. Greg könnte sich echt gut vorstellen, dass er und Holly die zwei wären  Und Greg weiß, wie kitschig ein HAPPY END ist, trotzdem das Papier schon alle ist - also: warten bis zum nächsten Tagebuch von Greg. Auf jeden Fall warte ich auf Gregs nächstes Tagebuch.#Sein erstes Tagebuch war das erste Buch meines Lebens, das ich in einem Zug (etwa in zwei Stunden) durchgelesen habe. Das zweite schon schneller - und dies hier in einer Stunde  Tolle Lektüre!</marc:subfield>
   </marc:datafield>
   <marc:datafield ind1=" " ind2=" " tag="020">
      <marc:subfield code="a">9783833936340</marc:subfield>
      <marc:subfield code="9">9783833936340</marc:subfield>
   </marc:datafield>
   <marc:datafield ind1=" " ind2=" " tag="041">
      <marc:subfield code="a">ger</marc:subfield>
   </marc:datafield>
   <marc:datafield ind1=" " ind2=" " tag="300">
      <marc:subfield code="a">218 S.</marc:subfield>
   </marc:datafield>
</marc:record>
